00502nam a2200193 a 4500001001300000003000900013005001700022008004100039020000800080082001800088100002700106245003600133260004100169300000900210500003500219505001300254650001400267700002700281nice12345678IN_TiNIC20260116011717.0050524s1964 cala grp 000 0 eng  ac500a346.5406bBHA aBhatnagar, Jai Prakash aSocieties Registration Act 1860 aCalcuttabEastlight Book Housec1964 a129p aincludes index and biblioraphy2 aAppendix aLaw-India1 aBhatnagar, Jai Prakash